Normal view
MARC view
- Buscaglia, F. Leo
Entry Personal Name
001 - CONTROL NUMBER
- control field: 133328
003 - CONTROL NUMBER IDENTIFIER
- control field: NUST
005 - DATE AND TIME OF LATEST TRANSACTION
- control field: 20260218142645.0
008 - FIXED-LENGTH DATA ELEMENTS
- fixed length control field: 260218|| aca||aabn | a|a d
040 ## - CATALOGING SOURCE
- Original cataloging agency: NUST
- Transcribing agency: NUST
100 ## - HEADING--PERSONAL NAME
- Personal name: Buscaglia, F. Leo
670 ## - SOURCE DATA FOUND
- Source citation: Work cat.: (NUST): Buscaglia, F. Leo., Personhood The Art of Being Fully Human /, 1978.
